[Event "34th Rashid Nezhmetdinov Cup"]
[Site "Kazan RUS"]
[Date "2012.09.29"]
[Round "4.5"]
[White "Ibragimov,I"]
[Black "Ponfilenok,V"]
[Result "1-0"]
[WhiteElo "2546"]
[BlackElo "2392"]

1.Nf3 e6 2.c4 f5 3.g3 Nf6 4.Bg2 d5 5.O-O Be7 6.d3 O-O 7.Nbd2 Nc6 8.cxd5 exd5
9.Nb3 a5 10.a4 Bd6 11.Be3 b6 12.Nbd4 Nxd4 13.Nxd4 c5 14.Nb5 Be6 15.Nxd6 Qxd6
16.Bf4 Qc6 17.Rc1 Rac8 18.b3 Qd7 19.d4 c4 20.Be5 Ne4 21.bxc4 Rxc4 22.Rxc4 dxc4
23.f3 Nc3 24.Qa1 Nxa4 25.d5 Bxd5 26.Rd1 Qc6 27.Bxg7 Rf7 28.e4 Rxg7 29.exd5 Qd7
30.d6 Nc5 31.Bf1 Nd3 32.Bxd3 cxd3 33.Rxd3 Qe6 34.Qc3 Rd7 35.Qc8+ Kf7 36.Qc6 Qe1+
37.Kg2 Qe2+ 38.Kh3 Qe6 39.Qxb6 f4+ 40.g4 Qe2 41.Qb5  1-0

[Event "34th Rashid Nezhmetdinov Cup"]
[Site "Kazan RUS"]
[Date "2012.09.30"]
[Round "5.2"]
[White "Grigoriants,S RUS"]
[Black "Ibragimov,I"]
[Result "1/2-1/2"]
[WhiteElo "2578"]
[BlackElo "2546"]

1.Nf3 d5 2.d4 Nf6 3.c4 dxc4 4.e3 e6 5.Bxc4 c5 6.O-O a6 7.Bb3 Nc6 8.Nc3 cxd4
9.exd4 Be7 10.a3 O-O 11.Re1 Na5 12.Ba2 b5 13.d5 exd5 14.Nxd5 Nxd5 15.Bxd5 Bb7
16.Bxb7 Nxb7 17.Qxd8 Bxd8 18.Bf4 Bf6 19.Be5 Bxe5 20.Nxe5 Rfe8 21.Kf1 f6 22.Nd3 Kf7
23.Rxe8 Kxe8 24.Rc1 Kd7 25.Nb4 Nd6 26.Nd5 Rd8 27.Rc7+ Ke6 28.Nb4 Nc4 29.Nxa6 Rd1+
30.Ke2 Rd2+ 31.Ke1 Rxb2 32.Rxg7 h5 33.a4 Ne5 34.axb5 Nd3+ 35.Kf1 Rxf2+ 36.Kg1 Rb2
37.h3 Kf5 38.Nc7 Nf4 39.Ne8 Ke5 40.Kh2 h4 41.Re7+ Kd4 42.Nxf6 Nxg2 43.Kg1  1/2-1/2

[Event "34th Rashid Nezhmetdinov Cup"]
[Site "Kazan RUS"]
[Date "2012.10.01"]
[Round "6.4"]
[White "Ibragimov,I"]
[Black "Pasiev,R"]
[Result "1/2-1/2"]
[WhiteElo "2546"]
[BlackElo "2333"]

1.c4 e5 2.Nc3 Nc6 3.Nf3 Nf6 4.g3 g6 5.Bg2 Bg7 6.O-O O-O 7.d3 d6 8.Rb1 Nd4
9.b4 c6 10.Bg5 h6 11.Bxf6 Bxf6 12.b5 Nxf3+ 13.Bxf3 c5 14.e3 Bg7 15.Kg2 f5
16.Bd5+ Kh7 17.Ne2 Qe7 18.Qd2 g5 19.f4 Be6 20.Bxe6 Qxe6 21.Nc3 exf4 22.exf4 Bxc3
23.Qxc3 Rae8 24.Rbe1 Qf7 25.Rf2 b6 26.Qd2 Rxe1 27.Qxe1 Re8 28.Re2 Rxe2+ 29.Qxe2 gxf4
30.gxf4 Qg7+ 31.Kh3 Qf7 32.Kg3 Qg7+ 33.Kh3 Qf7 34.Kg3 Qg7+  1/2-1/2

[Event "34th Rashid Nezhmetdinov Cup"]
[Site "Kazan RUS"]
[Date "2012.10.02"]
[Round "7.3"]
[White "Predke,A"]
[Black "Ibragimov,I"]
[Result "0-1"]
[WhiteElo "2496"]
[BlackElo "2546"]

1.e4 e5 2.Nf3 Nc6 3.Bb5 a6 4.Ba4 Nf6 5.O-O Be7 6.Re1 b5 7.Bb3 d6 8.c3 O-O
9.h3 Na5 10.Bc2 c5 11.d4 Nd7 12.d5 Nc4 13.a4 Rb8 14.b3 Ncb6 15.a5 Na8 16.Nbd2 Nc7
17.Nf1 Ne8 18.g4 g6 19.Bh6 Ng7 20.Qd2 Nf6 21.N3h2 Kh8 22.Ng3 Rb7 23.Kh1 b4
24.Bd3 bxc3 25.Qxc3 Rb8 26.f4 exf4 27.Nf5 gxf5 28.exf5 Rg8 29.Bc4 Nd7 30.Rad1 Bf6
31.Qd2 Bg5 32.Bxg5 Qxg5 33.Nf3 Qh6 34.Qh2 f6 35.Re7 Ne5 36.Nxe5 fxe5 37.Rg1 Qh4  0-1

[Event "34th Rashid Nezhmetdinov Cup"]
[Site "Kazan RUS"]
[Date "2012.10.04"]
[Round "9.1"]
[White "Savchenko,B"]
[Black "Ibragimov,I"]
[Result "1/2-1/2"]
[WhiteElo "2523"]
[BlackElo "2546"]

1.e4 e6 2.d4 d5 3.Nc3 Nf6 4.Bg5 dxe4 5.Nxe4 Be7 6.Nxf6+ Bxf6 7.Bxf6 Qxf6
8.Nf3 c5 9.c3 cxd4 10.Qxd4 Qxd4 11.Nxd4 Ke7 12.O-O-O Bd7 13.Bb5 a6 14.Bxd7 Nxd7
15.b3 Rac8 16.Kb2 g6 17.c4 Rhd8 18.f3 Nf6 19.Nc2 Nd7 20.Nd4 Nf6 21.Nc2 Nd7
22.Nd4 Nf6 23.Nc2  1/2-1/2

[Event "Moscow Open A 2013"]
[Site "Moscow RUS"]
[Date "2013.02.04"]
[Round "3.11"]
[White "Pavlov,S2"]
[Black "Ibragimov,I"]
[Result "0-1"]
[WhiteElo "2471"]
[BlackElo "2555"]

1.e4 e6 2.d4 d5 3.e5 c5 4.c3 Nc6 5.Nf3 Bd7 6.a3 f6 7.Bd3 fxe5 8.Nxe5 Nxe5
9.dxe5 Ne7 10.Nd2 Qc7 11.O-O O-O-O 12.f4 Be8 13.Qg4 c4 14.Bc2 Qb6+ 15.Kh1 Bg6
16.Bxg6 hxg6 17.b4 cxb3 18.Rb1 Nf5 19.Rxb3 Qa6 20.c4 dxc4 21.Rc3 Kb8 22.Nxc4 Rc8
23.Qe2 Rxc4 24.Qxc4 Ng3+ 25.Kg1 Bc5+ 26.Rf2 Ne2+ 27.Kf1 Nxc3  0-1

[Event "Moscow Open A 2013"]
[Site "Moscow RUS"]
[Date "2013.02.05"]
[Round "4.2"]
[White "Ibragimov,I"]
[Black "Nyzhnyk,I"]
[Result "1-0"]
[WhiteElo "2555"]
[BlackElo "2637"]

1.d4 Nf6 2.c4 g6 3.Nc3 Bg7 4.e4 d6 5.Bg5 O-O 6.Qd2 a6 7.Nf3 Bg4 8.Be2 Nfd7
9.Ng1 Bxe2 10.Ngxe2 c5 11.d5 Ne5 12.b3 b5 13.O-O Qe8 14.Rab1 b4 15.Nd1 Nbd7
16.Ne3 Nb6 17.f4 Ned7 18.Kh1 a5 19.Ng4 Nf6 20.Nf2 Nbd7 21.Ng1 a4 22.Nf3 axb3
23.axb3 h6 24.Bh4 e5 25.dxe6 Qxe6 26.Qc2 Rfe8 27.Rbe1 Ng4 28.Nxg4 Qxg4 29.h3 Qxf4
30.g3 Qxf3+ 31.Rxf3 Ne5 32.Rf6 Ra6 33.Qd2 g5 34.Bxg5 hxg5 35.Qxg5 Ra3 36.Ref1 Rxb3
37.Rxd6 f6 38.Rdxf6 Rd3 39.h4 Rd7 40.h5 Kh8 41.Ra6  1-0

[Event "Moscow Open A 2013"]
[Site "Moscow RUS"]
[Date "2013.02.06"]
[Round "5.1"]
[White "Ibragimov,I"]
[Black "Mamedov,Rau"]
[Result "1/2-1/2"]
[WhiteElo "2555"]
[BlackElo "2651"]

1.d4 Nf6 2.c4 g6 3.Nc3 Bg7 4.e4 d6 5.Be2 O-O 6.Bg5 a6 7.Qd2 c5 8.d5 Qa5 9.a4 Re8
10.Nf3 b5 11.Nd1 Qd8 12.Qc2 b4 13.Nd2 h6 14.Bh4 e6 15.Ne3 exd5 16.cxd5 b3
17.Qxb3 g5 18.Bg3 Nxe4 19.Nxe4 Rxe4 20.O-O Rb4 21.Qd3 Qf6 22.Nc4 Bf5 23.Qd1 Nd7
24.Nxd6 Rd4 25.Qc1 Bg6 26.Ra3 g4 27.Re3 Bf8 28.Nc4 h5 29.Ne5 Rxd5 30.Nxd7 Rxd7
31.Be5 Qb6 32.Bc3 Bg7 33.a5 Qc7 34.Bxg7 Kxg7 35.Qc3+ Kg8 36.h3 Rd4 37.hxg4 hxg4
38.Rc1 Qb7 39.Qxc5 Qxb2 40.Re1 Qb4 41.Qxb4 Rxb4 42.Rc1 Ra4 43.Re5 Kg7 44.Rc4 Ra2
45.Bxg4 Rb8 46.Rc6 Rb5 47.Rxb5 axb5 48.a6 b4 49.Rb6 b3 50.Rxb3 Rxa6 51.Rb5 Ra2
52.f3 Ra1+ 53.Kh2 Rb1 54.Rd5 Rb2 55.Kg3 Ra2 56.Bh3 Ra3 57.Kh4 Kf6 58.Rd6+ Kg7
59.f4 Ra5 60.Bg4 Be4 61.g3 Bf5 62.Bd1 Be6 63.Bh5 Ra4 64.Rb6 Rd4 65.Bf3 Ra4
66.Rb5 Kf6  1/2-1/2

[Event "Moscow Open A 2013"]
[Site "Moscow RUS"]
[Date "2013.02.07"]
[Round "6.3"]
[White "Kokarev,Dm"]
[Black "Ibragimov,I"]
[Result "1-0"]
[WhiteElo "2635"]
[BlackElo "2555"]

1.e4 e6 2.d4 d5 3.Nc3 Nf6 4.e5 Nfd7 5.f4 c5 6.Nf3 Be7 7.Be3 b6 8.Qd2 O-O
9.Be2 Ba6 10.Nb5 Nc6 11.O-O Bb7 12.c3 Na5 13.Na3 cxd4 14.cxd4 Bxa3 15.bxa3 Nc4
16.Qd3 f5 17.Rae1 Qe7 18.Bc1 Rac8 19.g4 Nb8 20.gxf5 exf5 21.Rf2 Ba6 22.Qb3 Nc6
23.Bf1 Nd8 24.Qa4 Bb7 25.Ng5 h6 26.Nf3 Ne6 27.Rg2 Bc6 28.Qb3 Be8 29.Rg3 Bh5
30.Bg2 Na5 31.Qb1 Rc4 32.Be3 Ra4 33.Bd2 Qd7 34.Bb4 Rf7 35.Nh4 Nxf4 36.e6 Nxe6
37.Nxf5 Kh8 38.Re5 Nf4 39.Nxh6 gxh6 40.Bxd5 Ne2+ 41.Rxe2 Bxe2 42.Qe4 Rg7
43.Qe5 Bg4 44.Bf8 h5 45.Bxg7+ Qxg7 46.Qe8+  1-0

[Event "Moscow Open A 2013"]
[Site "Moscow RUS"]
[Date "2013.02.09"]
[Round "8.11"]
[White "Iljushin,A"]
[Black "Ibragimov,I"]
[Result "0-1"]
[WhiteElo "2508"]
[BlackElo "2555"]

1.d4 d6 2.Nf3 Bg4 3.Nbd2 Nf6 4.h3 Bh5 5.e4 e6 6.Bd3 Be7 7.c3 d5 8.e5 Nfd7
9.Nf1 c5 10.Ng3 Bg6 11.h4 Bxd3 12.Qxd3 cxd4 13.cxd4 Qa5+ 14.Bd2 Qa6 15.Qxa6 Nxa6
16.Ke2 Nab8 17.Nh5 O-O 18.Bg5 f6 19.exf6 gxf6 20.Be3 Nc6 21.g4 e5 22.Ng3 Rfe8
23.Nf5 Bf8 24.a3 exd4 25.N3xd4 Nde5 26.g5 Nc4 27.gxf6 Kf7 28.a4 Re4 29.b3 Nxe3
30.fxe3 Nxd4+ 31.Nxd4 Rae8 32.Nf5 R8e5 33.Rhf1 Kg6 34.Ne7+ Bxe7 35.fxe7 Rxe3+
36.Kd2 Rxe7 37.h5+ Kxh5 38.Rf5+ Kg4 39.Rxd5 Rxb3 40.Rh1 Rb2+ 41.Kc3 Rb6 42.Rdh5 Rc7+
43.Kd4 Rd6+ 44.Ke5 Rc5+ 45.Kxd6 Rxh5 46.Rg1+ Kf4 47.Rg7 Ra5 48.Rxb7 h5 49.Rb4+ Kg5
50.Kc7 Rf5 51.Kb7 a5 52.Rb1 h4 53.Ka6 Kf4 54.Rh1 Rh5 55.Rxh4+ Rxh4 56.Kxa5 Ke5  0-1

[Event "35th Nezhmetdinov Cup"]
[Site "Kazan RUS"]
[Date "2013.06.02"]
[Round "3.7"]
[White "Gajsin,E"]
[Black "Ibragimov,I"]
[Result "1-0"]
[WhiteElo "2457"]
[BlackElo "2571"]

1.e4 d6 2.d4 g6 3.Nc3 c6 4.f4 d5 5.e5 h5 6.Nf3 Bg4 7.Bd3 e6 8.O-O Nh6 9.Be3 Nf5
10.Bf2 Nd7 11.h3 Bxf3 12.Qxf3 h4 13.Ne2 Be7 14.b3 a5 15.a4 Nb8 16.c4 Na6
17.Rad1 Nb4 18.Bb1 Qb6 19.Rd2 Rd8 20.Rfd1 Kf8 21.Kh2 Kg7 22.Rg1 Qa6 23.Bxf5 exf5
24.Rc1 Qa8 25.Ng1 Na6 26.e6 fxe6 27.Re2 Nc7 28.Qe3 Bf6 29.Nf3 Rde8 30.Qc3 b6
31.c5 b5 32.Qe1 bxa4 33.bxa4 Rb8 34.Bxh4 Bxh4 35.Nxh4 Rb4 36.Qg3 Qe8 37.Nxf5+ exf5
38.Rxe8 Rxe8 39.Re1 Re4 40.h4 Re3  1-0

[Event "35th Nezhmetdinov Cup"]
[Site "Kazan RUS"]
[Date "2013.06.04"]
[Round "5.16"]
[White "Denisov,L"]
[Black "Ibragimov,I"]
[Result "0-1"]
[WhiteElo "2368"]
[BlackElo "2571"]

1.e4 e6 2.d3 c5 3.Nf3 Nc6 4.g3 Nge7 5.Bg2 g6 6.h4 h6 7.Nbd2 Bg7 8.O-O d6
9.a3 O-O 10.Rb1 a5 11.a4 f5 12.Nc4 e5 13.c3 Be6 14.Bh3 d5 15.exd5 Bxd5 16.Nfd2 Qc7
17.Qb3 Ra6 18.Re1 Kh7 19.Nf1 f4 20.Bd2 Nf5 21.Re2 Nfd4 22.cxd4 Nxd4 23.Qd1 Nf3+
24.Kh1 Nxd2+ 25.Kg1 Nxb1 26.Qxb1 e4 27.b3 fxg3 28.Nxg3 Rxf2 29.Kxf2 Qf4+  0-1

[Event "35th Nezhmetdinov Cup"]
[Site "Kazan RUS"]
[Date "2013.06.05"]
[Round "6.9"]
[White "Ibragimov,I"]
[Black "Faizrakhmanov,Ramil"]
[Result "1-0"]
[WhiteElo "2571"]
[BlackElo "2317"]

1.d4 Nf6 2.c4 e6 3.Nc3 Bb4 4.e3 b6 5.Ne2 Ba6 6.Ng3 c5 7.d5 Bxc3+ 8.bxc3 d6
9.Bd3 Nbd7 10.f4 Qc7 11.e4 exd5 12.cxd5 c4 13.Bc2 O-O 14.O-O Rad8 15.Be3 Nc5
16.Bd4 Ne8 17.Nh5 f5 18.exf5 Nd3 19.Nxg7 Nxg7 20.f6 Qf7 21.Qg4 Rfe8 22.Rf3 Re2
23.Rg3 Rde8 24.Rf1 Re1 25.Qxg7+ Qxg7 26.Rxg7+ Kf8 27.g4 Rxf1+ 28.Kxf1 Re1+
29.Kg2 Re2+ 30.Kg3 Rxc2 31.Rxh7 Nc1 32.g5 Ne2+ 33.Kf3 Nxd4+ 34.cxd4  1-0

[Event "35th Nezhmetdinov Cup"]
[Site "Kazan RUS"]
[Date "2013.06.06"]
[Round "7.3"]
[White "Kovalenko,I"]
[Black "Ibragimov,I"]
[Result "1-0"]
[WhiteElo "2596"]
[BlackElo "2571"]

1.c4 e5 2.g3 Nc6 3.Bg2 g6 4.Nc3 Bg7 5.Nf3 d6 6.O-O Bg4 7.h3 Be6 8.d3 h6 9.Bd2 Qd7
10.Kh2 f5 11.Rb1 a5 12.Qa4 Nf6 13.b4 O-O 14.b5 Ne7 15.c5 Nfd5 16.c6 bxc6
17.bxc6 Qe8 18.Rfc1 Nb6 19.Qc2 Qf7 20.Nb5 Ned5 21.a3 Nc8 22.e4 Ndb6 23.a4 fxe4
24.dxe4 Nc4 25.Be3 Ra6 26.Nd2 Rxc6 27.Nxc4 Bxc4 28.Qd2 Ne7 29.Qxa5 d5 30.exd5 Nxd5
31.Rxc4 Nxe3 32.Rxc6 Nxg2 33.Qd2 e4 34.Rxc7 Qxf2 35.Rc2 Qxd2 36.Rxd2 Ne3
37.Re2 Nc4 38.Rb4  1-0

[Event "35th Nezhmetdinov Cup"]
[Site "Kazan RUS"]
[Date "2013.06.08"]
[Round "9.9"]
[White "Zakhartsov,Vi"]
[Black "Ibragimov,I"]
[Result "1-0"]
[WhiteElo "2536"]
[BlackElo "2571"]

1.d4 Nf6 2.c4 e6 3.Nc3 Bb4 4.e3 b6 5.Ne2 Ba6 6.a3 Bxc3+ 7.Nxc3 d5 8.Qf3 O-O
9.g4 c5 10.dxc5 Nbd7 11.cxd5 Bxf1 12.Kxf1 Nxc5 13.e4 exd5 14.exd5 Qc8 15.h3 Nfd7
16.Bf4 Qa6+ 17.Kg2 Nd3 18.Bd6 Rfe8 19.Rab1 Qc4 20.Rhd1 N3e5 21.Qg3 f5 22.gxf5 Nf7
23.Bf4 Nf6 24.Be3 Qc8 25.Nb5 Re5 26.Nd4 Ne4 27.Qf4 Qd7 28.Ne6 Ned6 29.f6 g6
30.Rbc1 Rc8 31.Rxc8+ Qxc8 32.Rc1 Qb7 33.Nc7 Rf5 34.Qd4 Ne8 35.Nxe8 Rxd5 36.Rc7 Rg5+
37.Kf1 Qh1+ 38.Ke2 Rd5 39.Rc8 Qxh3 40.Nd6+  1-0

[Event "36th Nezhmetdinov Mem 2014"]
[Site "Kazan RUS"]
[Date "2014.06.07"]
[Round "8.6"]
[White "Ulko,J"]
[Black "Ibragimov,I"]
[Result "1-0"]
[WhiteElo "2422"]
[BlackElo "2557"]

1.d4 Nf6 2.c4 e6 3.Nc3 Bb4 4.e3 b6 5.Ne2 Ba6 6.a3 Bxc3+ 7.Nxc3 d5 8.b3 O-O
9.Be2 Nc6 10.a4 Re8 11.O-O e5 12.Bf3 e4 13.Be2 Na5 14.Nb5 c6 15.Na3 Nb7 16.b4 Nd6
17.b5 cxb5 18.axb5 Bc8 19.c5 Nb7 20.c6 Nd6 21.Bd2 a5 22.bxa6 Bxa6 23.Bb4 Bxe2
24.Qxe2 Rc8 25.Rfc1 Re6 26.Bxd6 Rxd6 27.c7 Qd7 28.Qa6 Ne8 29.Nb5 Rg6 30.Kf1 Qg4
31.Ke1 h5 32.Qb7 Rf6 33.Rc6 Rxc6 34.Qxc6 Qxg2 35.Ra8 Qg1+ 36.Ke2 Qg4+ 37.Kd2 Kh7
38.Qxe8 Rxe8 39.Rxe8  1-0